000 01022nam a22002417a 4500
003 PE SENCICO BE
005 20251020182648.0
008 240105b |||||||| |||| 00| 0 eng d
040 _aPE SENCICO BE
_cPE SENCICO BE
041 _aspa
084 _aI
_aDIB
_a2018
_bC29
100 1 _91845
_aCastillo Vargas, Claudio Santiago
_eautor
245 1 _aSimbología en instalaciones eléctricas y su aplicación /
_cClaudio Santiago Castillo Vargas
260 _aLima :
_c2018
300 _a[40] h.
_bil. col. ;
_c30 cm.
502 _aMonografía de Titulación.-- Servicio Nacional de Capacitación para la Industria de la Construcción. Escuela Superior Técnica. Carrera Profesional Técnica en Dibujo en Construcción Civil, 2018.
650 1 0 _9108
_aInstalaciones eléctricas
650 2 0 _9634
_aSímbolos eléctricos
650 2 0 _9336
_aDibujo técnico
710 1 _aServicio Nacional de Capacitación para la Industria de la Construcción.
_bEscuela Superior Técnica
_91065
910 _bhfp
_chfp
942 _cMON
999 _c4480
_d4480